000 01108 a2200205 4500
003 Nust
005 20220803121251.0
010 _a 2002151898
020 _a1556229607 (paperback, CD-ROM)
040 _cNust
082 0 0 _a005.1,KOL
100 1 _aKolachina, Satya Sai.
_996402
245 1 0 _aC++ Builder 6 developer's guide /
_cSatya Sai Kolachina.
260 _aPlano, Tex. :
_bWordware Pub.,
_cc2003.
300 _axvi, 507 p. :
_bill. ;
_c23 cm. +
_e1 CD-ROM (4 3/4 in.)
505 _aWindows And Database Development (Page-3), C++ Advanced Concepts (Page-23), The VCL Explored (Page-57), Advanced VCL Features (Page-99), Simple Database Development (Page-153), Advanced Database Development (Page-199), Building Webbroker Applications (Page-255), Building Websnap Applications (Page-305), Developing Datasnap Applications (Page-347), Developing Distributed Applications (Page-385), Building Bizsnap Applications (Page-429), Miscellaneous And Advanced Topics (Page-461).
650 0 _aC++ (Computer program language)
650 0 _aComputer software
_xDevelopment.
_918022
942 _2ddc
_cBK
_k005.1,KOL
999 _c178971
_d178971